Young Sheldon Quiz 2022 - Statistics

General Stats
  • This quiz has been taken 1,784 times
  • The average score is 10 of 13
Answer Stats
Hint Answer % Correct
Main Characters Name Sheldon
99%
Main Characters Twin Missy
98%
Main Characters Brother Georgie
96%
Main Characters Dad George
93%
How old is Georgie 17
92%
How Many Seasons are there as of Sept 2022 5
91%
Main Characters Mom Mary
91%
How old is Mandy 29
88%
Who did Georgie get Pregnant Mandy
88%
Main Characters Grandmother Meemaw
84%
What WAS George's Occupation Football Coach
68%
Where does Sheldon go to college East Texas Tech
50%
Where does the Family live Medford TX
4%
No matching quizzes found
Score Distribution
Percent of People with Each Score
Percentile by Number Answered
Your Score History
You have not taken this quiz